000 00436nam a2200169Ia 4500
008 230524s9999 xx 000 0 und d
020 _a8177227130
082 _a174.4
_bPAR
100 _aParthasarathy
245 0 _a"Corporate Governance : Principles, Mechanisms & Practice"
250 _aIST
260 _aNEW DELHI
_bbiztantra
_c2008
300 _aXXI;407
500 _aQuantity Number: 2
650 _aManagement
942 _cBK
999 _c45077
_d45077